Načítá se...

Macroeconomics : theory and policy /

Podrobná bibliografie
Hlavní autor: Edgmand, Michael R.
Médium: Printed Book
Jazyk:English
Vydáno: Delhi: Prentice Hall, 1985.
Vydání:2nd ed.
Témata:
LEADER 00513 a2200145 4500
008 100208b ||||| |||| 00| 0 eng d
082 |a 339 
100 |a Edgmand, Michael R. 
245 |a Macroeconomics :   |b theory and policy / 
250 |a 2nd ed. 
260 |b Prentice Hall,  |a Delhi:  |c 1985. 
650 |a macroeconomics 
942 |c BK 
999 |c 314826  |d 314826 
952 |0 0  |1 0  |2 ddc  |4 0  |6 339_000000000000000_EDG_M  |7 0  |9 360926  |a ECN  |b ECN  |c GEN  |d 2010-09-07  |g 0.00  |i 5336  |l 8  |m 2  |o 339 EDG/M  |p ECN5336  |r 2019-10-23  |s 2019-09-27  |w 2010-09-07  |y BK